000 01312cac a22002891u 4500
090 _c7042
008 090112t 2005xxu||||| |||| 00| 0 eng d
010 _a 2004044792
020 _a1403944377 (cloth)
020 _a1403936048 (paper)
082 0 0 _a658.05
_bFAR
100 _aFarhoomand, Ali F.
245 1 0 _aManaging (e)business transformation :
_ba global perspective /
_cAli Farhoomand.
260 _aHoundmills, Basingstoke, England ;
_aNew York :
_bPalgrave Macmillan,
_c2005.
260 _bDistributer: Al-Ahram
300 _axvi, 461 p. :
_bill. ;
_c26 cm.
504 _aIncludes bibliographical references and index.
650 0 _aElectronic commerce
_xManagement.
650 0 _aIndustrial management.
650 0 _aElectronic commerce
_xManagement
_vCase studies.
650 0 _aIndustrial management
_vCase studies.
856 4 2 _3Contributor biographical information
_uhttp://www.loc.gov/catdir/bios/hol059/2004044792.html
856 4 2 _3Publisher description
_uhttp://www.loc.gov/catdir/description/hol053/2004044792.html
856 4 2 _3Table of contents
_uhttp://www.loc.gov/catdir/toc/hol052/2004044792.html
942 _cBB
_k658.05FAR
_2ddc
999 _c7042
_d7042